000 00250nam a2200097Ia 4500
008 241105s9999 xx 000 0 und d
041 _aeng
100 _aPatil R.
_9181800
245 _aIntrastrate Bus Station
260 _bFinal Year B. Arch, BNCA
_c2000
999 _c359982
_d359982